Nghệ thuật kinh doanh

Guardat en:
Dades bibliogràfiques
Autor principal: Trần Hữu Thực
Format: Llibre
Idioma:Vietnamese
Publicat: TKE 1998
Etiquetes: Afegir etiqueta
Sense etiquetes, Sigues el primer a etiquetar aquest registre!
Thư viện lưu trữ: Mạng thư viện Đại học Đà Nẵng
LEADER 00613nam a2200277 4500
001 000026954
003 996
005 20150325120000.0
008 150325s vm 000 vie
020 |c 18,0000 
040 |a NOTTS 
100 |a Trần Hữu Thực 
245 |a Nghệ thuật kinh doanh 
260 |b TKE  |c 1998 
300 |a 204tr. ; 
OWN |a LTT 
999 |a From the UDN01 
TYP |a Monograph 
TYP |a Printed language 
980 |a Mạng thư viện Đại học Đà Nẵng